All time topscorers of every league - Statistics

General Stats
  • This quiz has been taken 46 times
  • The average score is 7 of 18
Answer Stats
Hint Answer % Correct
Champions league Cristiano Ronaldo
98%
Euro's Cristiano Ronaldo
98%
All-time topscorer Cristiano ronaldo
98%
LaLiga Leonel Messi
86%
Premier league Alan Shearer
70%
World cup Miroslav Klose
60%
Bundesliga Gerd Muller
58%
Serie A brazil Pele
53%
The afcon Samuel Eto'o
30%
Conference league Cyriel Dessers
9%
Europa league Henrik Larsson
5%
Scottisch prem Kris Boyd
5%
Serie A Silvio Piola
2%
Eredivisie Willy van der Kuijlen
2%
MLS Chris Wondolowski
0%
CONCACAF Cyle Larin
0%
Ligue 1 Delio Onnis
0%
Liga NOS Liedson
0%
No matching quizzes found
Score Distribution
Percent of People with Each Score
Percentile by Number Answered
Your Score History
You have not taken this quiz